| 000 | 00763nam a22002292i 4500 | ||
|---|---|---|---|
| 001 | 19174 | ||
| 003 | BD-RjUL | ||
| 005 | 20211209000408.0 | ||
| 008 | 140223s1957 enkb 000 0 eng d | ||
| 035 |
_aOCLC ocm03126122 from D950331M _a(BD-RjUL)19232 |
||
| 040 |
_aNGU _cNGU _dBD-RjUL _beng |
||
| 041 | _aeng | ||
| 082 |
_a821.8 _bBRR 1957 |
||
| 090 |
_aPR4219.A2 _bP50 |
||
| 100 | 1 |
_aBrowning, Robert, _d1812-1889. _958988 |
|
| 245 | 1 | 4 |
_aThe ring and the book / _cby Robert Browning ; abridged and edited with introd. and notes by F. B. Pinion |
| 260 |
_aLondon ; _bMacmillan ; _aNew York : _bSt. Martin's Press, _c1957. |
||
| 300 |
_axxxiv, 245 p. : _bmaps ; _c18 cm |
||
| 700 | 1 |
_aPinion, F. B. _955049 |
|
| 830 | 0 |
_aScholar's library _958993 |
|
| 942 |
_2ddc _cBK |
||
| 999 |
_c19174 _d19174 |
||